000 00572nam a2200193Ia 4500
005 20250508162004.0
008 008 250505s9999 xx 000 0 eng d
037 _aTextual
040 _aFEDL
_beng
_cFEDL
041 _aeng
_2eng
084 _a808, COC
_qFEDL
100 _aCockelreas Joanne
_913311
245 0 _aWriting essays about literature: A literary rhetoric
260 _aNew York, USA
_bHolt, Rinehart and Winston, Inc
_c1971
300 _axi,244p
700 _a Logan Dorothy
_9771968
942 _cTEXL
_h808, COC
999 _c1373682
_d1373682